000 00365nam a2200157 a 4500
005 20140414093835.0
008 030611s19uu xx 00 eng d
050 _aCD 780
_bSon 1996
100 _aSony Music Special Production
245 _aJazz.
250 _a8th edition
500 _a(2 CD's inside)
650 _aJazz.
942 _cAVM
999 _c108971
_d108971